000 00732nam a2200217Ii 4500
003 JO-AjNU
008 230605s9999||||xx |||||||||||||| ||und||
017 _a1991/7/351
040 _aJO-AjNU
_bara
_erda
_cJO-AjNU
041 _aara
050 1 4 _aJQ1825.J6.H3748.1991
100 3 _aتأليف الحطاب ، سلطان ,
_eauthor
_941213
245 0 0 _aبصراحة على ضوء فكر الحسين
250 _aط1
264 3 1 _aعمان : دار العروبة ،1991
300 _a392ص
336 _atext
_btxt
_2rdacontent
337 _aunmediated
_bn
_2rdamedia
338 _avolume
_bnc
_2rdacarrier
650 4 _aالديمقراطية --الأردن -- تاريخ -- الاردن -- سياسة وحكومة
_941214
999 _aA17553
_c21121
_d21121